| 000 | 00975nam a2200241 i 4500 | ||
|---|---|---|---|
| 001 | bg | ||
| 100 | 1 | _aLORENCOWICZ, Edmund | |
| 245 | 1 | 0 |
_aWyposażenie techniczne i formy mechanizacji małych gospodarstw rolnych / _cEdmund Lorencowicz. |
| 260 |
_aLublin : _bWydaw. Akademii Rolniczej, _c2005. |
||
| 300 |
_a107, [1] s. : _bwykr. ; _c24 cm. |
||
| 490 | 1 |
_aRozprawy Naukowe Akademii Rolniczej w Lublinie / Wydział Inżynierii Produkcji, _x0860-4355 ; _vz. 300 |
|
| 500 | _aStreszcz. ang. | ||
| 504 | _aBibliogr. | ||
| 650 | 9 |
_aGospodarstwo rolne _xmechanizacja _zPolska _yod 1989 r. |
|
| 650 | 9 |
_aGospodarstwo rolne _xekonomika _zPolska _yod 1989 r. |
|
| 650 | 9 |
_aGospodarstwo rolne _xorganizacja _zPolska _yod 1989 r. |
|
| 830 | 0 |
_aRozprawy Naukowe Akademii Rolniczej w Lublinie (Wydział Inżynierii Produkcji) ; _vz. 300 |
|
| 040 | _cBPK | ||
| 041 | 0 |
_apol _beng |
|
| 080 | _a631.17:631.115.1](438)"1989/..." | ||
| 942 | _cKS | ||
| 008 | s pl f |000 0 pol | ||
| 999 |
_c46903 _d46903 |
||
| 856 |
_uhttp://koha.tu.koszalin.pl/cgi-bin/koha/opac-detail.pl?biblionumber=46903 _yKatalog online BPK |
||